| 000 | 00629pam a2200205 a 4500 | ||
|---|---|---|---|
| 001 | 546767 | ||
| 005 | 20241212133853.0 | ||
| 008 | 880126s1988 nyua 000 0 eng | ||
| 020 | _a0070050228 (pbk.) | ||
| 050 | 0 | 0 |
_aQH316 _b.B47 1988 |
| 082 | 0 | 0 |
_a574/.076 _219 |
| 100 | 1 | _aBernstein, Ruth. | |
| 245 | 1 | 0 |
_a3000 solved problems in biology / _cby Ruth Bernstein, Stephen Bernstein. |
| 260 |
_aNew York : _bMcGraw-Hill, _cc1988. |
||
| 300 |
_aix, 406 p. : _bill. ; _c28 cm. |
||
| 440 | 0 | _aSchaum's solved problems series | |
| 650 | 0 |
_aBiology _xProblems, exercises, etc. |
|
| 700 | 1 | _aBernstein, Stephen. | |
| 942 |
_2lcc _cBK _n0 |
||
| 999 |
_c2113 _d2113 |
||